Construction agreements challenged by self-employment (Record no. 3521)

MARC details
000 -LEADER
fixed length control field 00785cab a2200193 4500
001 - CONTROL NUMBER
control field ABS37651
008 - FIXED-LENGTH DATA ELEMENTS--GENERAL INFORMATION
fixed length control field 090401t1987 xxu||||| |||| 00| 0 eng d
035 ## - SYSTEM CONTROL NUMBER
System control number (Sirsi) u5888
041 ## - LANGUAGE CODE
Language code of text/sound track or separate title eng
245 ## - TITLE STATEMENT
Title Construction agreements challenged by self-employment
260 ## - PUBLICATION, DISTRIBUTION, ETC.
Date of publication, distribution, etc. 1987
350 ## - PRICE (NR) (BK AM CF MU VM SE) [OBSOLETE]
Price 0
490 ## - SERIES STATEMENT
Series statement IDS Report
Volume/sequential designation (497) May 1987, 25-27(3)
520 ## - SUMMARY, ETC.
Summary, etc. Discusses the Building and Civil Engineering Joint Board `s pay negotiations for the respective industries in the light of the growth of self employment and the possibility of a skills shortage as employers fail to take on trainees. Includes a table of pay settlements made in the construction industry since June 1986.
650 ## - SUBJECT ADDED ENTRY--TOPICAL TERM
Topical term or geographic name entry element PAY BARGAINING
690 ## - LOCAL SUBJECT ADDED ENTRY--TOPICAL TERM (OCLC, RLIN)
Topical term or geographic name as entry element BUILT ENVIRONMENT
942 ## - ADDED ENTRY ELEMENTS (KOHA)
Suppress in OPAC 0
948 ## - LOCAL PROCESSING INFORMATION (OCLC); SERIES PART DESIGNATOR (RLIN)
c (OCLC) 04/03/1997
Holdings
Withdrawn status Lost status Source of classification or shelving scheme Damaged status Not for loan Home library Current library Shelving location Date acquired Total Checkouts Full call number Barcode Date last seen Copy number Price effective from Koha item type
    Dewey Decimal Classification     London London Journal article 14/09/1999   ABS37651 5888-1001 06/08/2019 1 06/08/2019 Journal article